| 000 | 00534nam a22001697a 4500 | ||
|---|---|---|---|
| 999 |
_c20104 _d20104 |
||
| 008 | 240408b ||||| |||| 00| 0 eng d | ||
| 020 | _a9711170566 | ||
| 082 |
_aDFil 330.599 _bV71 1991 |
||
| 100 |
_aVillegas, Bernardo M. _956398 |
||
| 245 |
_aGuide to economics for Filipinos / _cBernardo M. Villegas |
||
| 250 | _a4th edition. | ||
| 260 |
_aManila : _bSinag-tala publishers, Inc., _c©1991. |
||
| 300 |
_aix, 694 pages ; _billustrations ; _c22 cm. |
||
| 500 | _aIncludes index. | ||
| 650 |
_aEconomics. _956405 |
||
| 942 |
_2ddc _cDFIL |
||